000 00708 aa a2200193 4500
008 081021t xxu||||| |||| 00| 0 eng d
010 _aENG-84559
020 _a8189000918
020 _c300.00 (hb)
035 _aEN-68092
082 _a305.231
245 _aChild development:
_bissues and concerns for the well being of the child /
_cedited by Rekha Sapra
260 _aNew Delhi
_bVishvabharti Publications
260 _c2006
300 _axvi,111p
_c22cm
700 _aSapra, Rekha
_ced
942 _2ddc
_cEN
_h305.231
_mCHI
999 _c17864
_d17864